Countries where French is an official language - Statistics

General Stats
  • This quiz has been taken 55 times
  • The average score is 5 of 18
Answers on the Grid
Answers color-coded by a green-red scale on the quiz's grid according to % correct below.
France
Cameroon
Tunisia
Canada
Mali
Algeria
Togo
Comoros
Haiti
Syria
Belgium
Central African Republic
Saint-Lucia
Senegal
Andorra
Burundi
Luxembourg
Lebanon
Rwanda
DRC
Saint Vincent and the Grenadines
Vanuatu
Niger
Djibouti
Monaco
Sudan
Switzerland
Chad
Malta
Morocco
 
Answer Stats
Answer % Correct
France
81%
Canada
47%
Cameroon
44%
Monaco
42%
Luxembourg
33%
Belgium
31%
Switzerland
31%
DRC
28%
Djibouti
22%
Haiti
22%
Rwanda
22%
Chad
19%
Vanuatu
19%
Burundi
17%
Togo
17%
Central African Republic
14%
Senegal
14%
Comoros
11%
No matching quizzes found
Score Distribution
Percent of People with Each Score
Percentile by Number Answered
Your Score History
You have not taken this quiz